000 00462nam a2200145 a 4500
001 000041850
005 20201002035806.0
008 131018s2000 xxua 000 0 spa d
040 _aDO-SdBNP
_bspa
_cBNPHU
082 _axxxx
_bxxxxx
245 0 4 _aLas profecías de Isaías :
_buna luz para toda la humanidad.
260 _aNew York :
_bs. n.,
_c2000.
300 _av. :
_bil. ;
_c17 cm.
504 _aIncluye referencias bibliográficas y notas al pie de las páginas
999 _c41339
_d41339